00430pab a2200145 454500008004000000100002300040245009300063260000900156300001200165362000800177650003800185650002000223700002300243773001800266180718b1996 xxu||||| |||| 00| 0 eng d aMavalankar, Dileep aPrimary health care under panchayati raj in Gujarat: perceptions of health service staff c1996 ap.54-69 aMar aHealth services - India - Gujarat aHealth services aPatel, Vinubhai M. aSocial Change